000 00821nam a2200265Ia 4500
003 OSt
005 20220928105557.0
006 a|||||r|||| 00| 0
007 ta
008 220927b |||||||| |||| 00| 0 eng d
020 _c4024.5645
024 _a99533
037 _b28, 18/09/2009, Better Book Service
_cTextual
040 _aSDCL
_cSDCL
_beng
041 _2eng
_aeng
082 _aO-.3N303:g, P7
100 _aClavier Berndt
_9415860
245 0 _aJohn barth and postmodernism
_b Spatiality, travel, montage.
260 _aNew York
_b Peter Lang
_c2007
300 _a368p.
_ccm.
490 _aStudies on Themes and Motifs in Literature. 83.
650 _aEnglish
942 _hO-.3N303:g, P7
_cTEXL
_2CC
999 _c731758
_d731758